000 00758cam a2200205 a 4500
001 000012101
005 20250509170321.0
008 790808s1977 ve af b f001 0 spa
040 _aDO-SdBNP
_bspa
_cBNPHU
082 _a371.2
_bL616e
100 1 _aLerner de Almea, Ruth.
_928586
245 1 0 _aExperiencias educativas /
_cRuth Lerner de Almea.
260 _aCaracas, (Venezuela) :
_bMinisterio de Educación :
_bOficina Ministerial de Informacion y Relaciones :
_bDepartamento de Imprenta,
_c1977.
300 _a318 p. :
_bil. ;
_c23 cm.
504 _aIncluye referencias bibliográficas.
590 _aInventariado,2018/DG
650 0 _aEducación
_951588
650 4 _aPlanificación de la educación
_928587
910 _aValidado. Control de calidad BNPHU
999 _c11766
_d11766